000
00214 a2200097 4500
001
11165
100
_a
Murty. S. K.
245
_a
Indian jforeign Policy
260
_a
_b
Secentific Book Arj
_c
090
_c
8719
_d
8719
942
_a
NUST-CAE
_c
M
_c
35510
999
_c
246238
_d
246238